[Event "GER-chT Federal Cup (Women)"]
[Site "Braunfels"]
[Date "2022.06.19"]
[Round "5.10"]
[White "Barpiyeva, Gulsana"]
[Black "Jussupow, Nadejda"]
[Result "1/2-1/2"]
[WhiteElo "2016"]
[BlackElo "2146"]
[PlyCount "25"]
[EventDate "2022.06.15"]
[EventType "team-swiss"]
[EventRounds "5"]
[EventCountry "GER"]
[SourceTitle "EXT 2023"]
[Source "ChessBase"]
[SourceDate "2022.10.05"]
[SourceVersion "1"]
[SourceVersionDate "2022.10.05"]
[SourceQuality "1"]

1. d4 e6 2. c4 b6 3. Nf3 Bb7 4. g3 Bb4+ 5. Bd2 Qe7 6. Bg2 Nf6 7. a3 Bxd2+ 8. Nbxd2 0-0 9. 0-0 d6 10. Qc2 Nbd7 11. e4 e5 12. d5 Nh5 13. b4 1/2-1/2

[Event "GER-chT Federal Cup (Women)"]
[Site "Braunfels"]
[Date "2022.06.16"]
[Round "1.10"]
[White "Braeutigam, Irina"]
[Black "Jussupow, Nadejda"]
[Result "1/2-1/2"]
[WhiteElo "2013"]
[BlackElo "2146"]
[PlyCount "52"]
[EventDate "2022.06.15"]
[EventType "team-swiss"]
[EventRounds "5"]
[EventCountry "GER"]
[SourceTitle "EXT 2023"]
[Source "ChessBase"]
[SourceDate "2022.10.05"]
[SourceVersion "1"]
[SourceVersionDate "2022.10.05"]
[SourceQuality "1"]

1. e4 e6 2. d3 d5 3. Qe2 Nf6 4. g3 Bc5 5. Bg2 0-0 6. Nf3 Nc6 7. 0-0 dxe4 8. dxe4 e5 9. c3 a6 10. a4 Be6 11. Nbd2 Qc8 12. Nc4 Bg4 13. b4 Be7 14. Qc2 Qe6 15. Ne3 Bxf3 16. Bxf3 Rfd8 17. Nd5 Ne8 18. Be3 Bf8 19. Rad1 Ne7 20. Nxe7+ Bxe7 21. Rxd8 Rxd8 22. Rd1 Rxd1+ 23. Bxd1 Qc6 24. Qd3 Nd6 25. Bc5 Bf8 26. Bxd6 Qxd6 1/2-1/2

[Event "GER-ch (Women)"]
[Site "Bad Wiessee"]
[Date "2017.04.07"]
[Round "8"]
[White "Mao, Yvonne"]
[Black "Jussupow, Nadejda"]
[Result "0-1"]
[WhiteElo "1762"]
[BlackElo "2161"]
[PlyCount "42"]
[EventDate "2017.03.31"]
[EventType "swiss"]
[EventRounds "9"]
[EventCountry "GER"]
[SourceTitle "CBM 177 Extra"]
[Source "ChessBase"]
[SourceDate "2017.04.27"]
[SourceVersion "1"]
[SourceVersionDate "2017.04.27"]
[SourceQuality "1"]

1. e4 Nc6 2. Nf3 f5 3. exf5 d5 4. Bb5 Qd6 5. Nd4 Qe5+ 6. Ne2 Bxf5 7. d4 Qf6 8. Nbc3 0-0-0 9. 0-0 g5 10. Bd3 Nh6 11. Be3 Bg7 12. Qd2 Bxd3 13. Qxd3 Nf5 14. Rad1 h6 15. Na4 e5 16. Nc5 exd4 17. Qb5 Nd6 18. Qb3 dxe3 19. fxe3 Qxb2 20. Qxd5 Qe5 21. Qb3 Qxc5 0-1

[Event "BL 1617 (Women)"]
[Site "Germany"]
[Date "2017.01.21"]
[Round "3.2"]
[White "Jussupow, Nadejda"]
[Black "Juhasz, Barbara"]
[Result "1/2-1/2"]
[WhiteElo "2174"]
[BlackElo "2195"]
[PlyCount "78"]
[EventDate "2016.10.22"]
[EventType "team-tourn"]
[EventRounds "11"]
[EventCountry "GER"]
[SourceTitle "EXT 2018"]
[Source "ChessBase"]
[SourceDate "2017.10.13"]
[SourceVersion "1"]
[SourceVersionDate "2017.10.13"]
[SourceQuality "1"]
[WhiteTeam "Augsburg (W)"]
[BlackTeam "Erfurt Medizin (W)"]
[WhiteTeamCountry "GER"]
[BlackTeamCountry "GER"]

1. d4 g6 2. c4 Bg7 3. Nc3 c5 4. Nf3 Nf6 5. e4 cxd4 6. Nxd4 d6 7. Be2 0-0 8. 0-0 Nc6 9. Nc2 Nd7 10. Be3 Nc5 11. f3 Qa5 12. Qd2 Be6 13. Rab1 Bxc3 14. bxc3 Ne5 15. Rb4 Qa6 16. Bh6 Rfc8 17. Ne3 f6 18. Nd5 Bxd5 19. cxd5 Qa3 20. Be3 a5 21. Rb2 Rab8 22. Bb5 Rd8 23. Rfb1 a4 24. Rb4 Rbc8 25. Bd4 Ned7 26. Qc2 Nb6 27. Bf1 Nbd7 28. Be3 Na6 29. Rxa4 Qxc3 30. Qxc3 Rxc3 31. Bd4 Nac5 32. Bxc3 Nxa4 33. Bd4 Nac5 34. Bb5 Nb6 35. Kf2 Rc8 36. Ke3 Kf8 37. Be2 Nbd7 38. f4 Ra8 39. Bc4 Ra3+ 1/2-1/2

[Event "AUT-chT2W 1617"]
[Site "Austria"]
[Date "2016.11.26"]
[Round "5.4"]
[White "Ager, Josef"]
[Black "Jussupow, Nadejda"]
[Result "1-0"]
[WhiteElo "2144"]
[BlackElo "2174"]
[PlyCount "77"]
[EventDate "2016.10.28"]
[EventType "team-tourn"]
[EventRounds "11"]
[EventCountry "AUT"]
[SourceTitle "CBM 177 Extra"]
[Source "ChessBase"]
[SourceDate "2017.04.27"]
[SourceVersion "1"]
[SourceVersionDate "2017.04.27"]
[SourceQuality "1"]
[WhiteTeam "Ranshofen"]
[BlackTeam "Goetzis II"]
[WhiteTeamCountry "AUT"]
[BlackTeamCountry "AUT"]

1. d4 g6 2. Nf3 Bg7 3. b3 d6 4. Bb2 c5 5. e3 Nc6 6. Be2 e6 7. 0-0 Nge7 8. c3 b6 9. Nbd2 0-0 10. dxc5 bxc5 11. Ne4 Nd5 12. Qc2 f5 13. Ned2 Qf6 14. Rac1 g5 15. Ba1 Qh6 16. c4 Nf6 17. Rfd1 Bb7 18. Nf1 Rad8 19. a3 Rf7 20. Rb1 a5 21. Ne1 g4 22. Ng3 Qg5 23. Qc1 h5 24. f4 Qg6 25. Nf1 h4 26. Nd3 Ne4 27. Nd2 Bxa1 28. Rxa1 Nxd2 29. Rxd2 h3 30. g3 Rfd7 31. Qb2 e5 32. Rad1 e4 33. Nxc5 Rc7 34. Nxb7 Rxb7 35. c5 Qf7 36. Rxd6 Rxd6 37. cxd6 Rxb3 38. Qc1 Qb7 39. Bc4+ 1-0

[Event "Bayern-ch"]
[Site "Bad Griesbach"]
[Date "2016.08.26"]
[Round "8"]
[White "Knoblauch, Leonhard"]
[Black "Jussupow, Nadejda"]
[Result "1/2-1/2"]
[WhiteElo "2174"]
[BlackElo "2167"]
[PlyCount "44"]
[EventDate "2016.08.21"]
[EventType "swiss"]
[EventRounds "9"]
[EventCountry "GER"]
[SourceTitle "EXT 2022"]
[Source "ChessBase"]
[SourceDate "2021.10.06"]
[SourceVersion "1"]
[SourceVersionDate "2021.10.06"]
[SourceQuality "1"]

1. d4 g6 2. c4 Bg7 3. Nc3 d6 4. e4 Nc6 5. Be3 e5 6. d5 Nd4 7. Nge2 Nxe2 8. Bxe2 f5 9. f3 f4 10. Bf2 Nf6 11. c5 0-0 12. Qb3 Rf7 13. 0-0-0 Bf8 14. cxd6 cxd6 15. Kb1 Nd7 16. Rc1 Nc5 17. Qa3 a5 18. Na4 b6 19. Bb5 Bd7 20. Bxd7 Rxd7 21. Rc2 Rb7 22. Rhc1 Qd7 1/2-1/2

[Event "Bayern-ch"]
[Site "Bad Griesbach"]
[Date "2016.08.21"]
[Round "1"]
[White "Jussupow, Nadejda"]
[Black "Wisnet, Dominic"]
[Result "1/2-1/2"]
[WhiteElo "2167"]
[BlackElo "2297"]
[PlyCount "163"]
[EventDate "2016.08.21"]
[EventType "swiss"]
[EventRounds "9"]
[EventCountry "GER"]
[SourceTitle "EXT 2022"]
[Source "ChessBase"]
[SourceDate "2021.10.06"]
[SourceVersion "1"]
[SourceVersionDate "2021.10.06"]
[SourceQuality "1"]

1. d4 Nf6 2. Nf3 e6 3. Bg5 c5 4. e3 Be7 5. Bd3 d6 6. 0-0 Nbd7 7. c4 cxd4 8. exd4 h6 9. Bh4 b6 10. Nc3 Bb7 11. Qe2 Rc8 12. Rfe1 d5 13. Bg3 0-0 14. Ne5 Bb4 15. Red1 Re8 16. Rac1 dxc4 17. Nxc4 Nf8 18. a3 Be7 19. Qe5 Nd5 20. Nb5 Ba6 21. Ne3 Rxc1 22. Rxc1 Nd7 23. Qh5 Bg5 24. Nd6 Rf8 25. Bxa6 Nxe3 26. Rc8 Qf6 27. Rxf8+ Nxf8 28. Be5 Qe7 29. fxe3 Bxe3+ 30. Kh1 f6 31. Nc4 fxe5 32. Nxe3 exd4 33. Nc2 Qd6 34. Qg4 d3 35. Ne3 b5 36. Bxb5 Qc5 37. Bxd3 Qxe3 38. Qc4 Qe1+ 39. Bf1 Ng6 40. Qe2 Qxe2 41. Bxe2 Kf8 42. g3 Ke7 43. Kg2 Kd6 44. Kf3 Ne7 45. Bc4 Nc6 46. Ke4 e5 47. b4 Nd4 48. Bd3 Nc6 49. h4 Ne7 50. Bb5 Nd5 51. Bc4 Nf6+ 52. Kf5 Nh5 53. Kg4 g6 54. Bd3 Nf6+ 55. Kf3 g5 56. hxg5 hxg5 57. Be4 Ke6 58. Ke3 Ne8 59. a4 Kd6 60. Kd3 Nf6 61. Ke3 Nd7 62. Kd3 Nf6 63. Ke3 Kc7 64. Bf5 Nd5+ 65. Ke4 Kd6 66. Kf3 Nxb4 67. Kg4 Na6 68. Kxg5 Nc5 69. Bc2 Kd5 70. g4 e4 71. Kf4 Kd4 72. g5 e3 73. Kf3 Kc3 74. Kxe3 Kxc2 75. g6 Ne6 76. Ke4 Kb3 77. a5 Kb4 78. Ke5 Ng7 79. Kf6 Nh5+ 80. Kg5 Ng7 81. Kf6 Nh5+ 82. Kg5 1/2-1/2

[Event "Staufer op-A 28th"]
[Site "Schwaebisch Gmuend"]
[Date "2016.01.04"]
[Round "5"]
[White "Jussupow, Nadejda"]
[Black "Hahn, Markus"]
[Result "0-1"]
[WhiteElo "2129"]
[BlackElo "2316"]
[PlyCount "74"]
[EventDate "2016.01.02"]
[EventType "swiss"]
[EventRounds "9"]
[EventCountry "GER"]
[SourceTitle "CBM 170 Extra"]
[Source "ChessBase"]
[SourceDate "2016.02.25"]
[SourceVersion "1"]
[SourceVersionDate "2016.02.25"]
[SourceQuality "1"]

1. d4 f5 2. Bg5 g6 3. Nc3 d5 4. h4 Nh6 5. Qd2 Nf7 6. Bf4 a6 7. f3 c5 8. 0-0-0 Nc6 9. e4 cxd4 10. Nxd5 e5 11. Bg5 Nxg5 12. hxg5 Be7 13. Nxe7 Qxe7 14. exf5 Bxf5 15. g4 Be6 16. Bd3 0-0-0 17. a3 Bd5 18. Rh3 Rhf8 19. Kb1 Rf7 20. Re1 Rdf8 21. Be4 Bxe4 22. Rxe4 Rf4 23. Qd3 Rxe4 24. Qxe4 Rf7 25. Qd5 Qd7 26. Qc4 Qc7 27. Ne2 Nd8 28. Qd3 Ne6 29. Rh1 Nxg5 30. f4 exf4 31. Qxd4 f3 32. Nc3 Ne6 33. Qe3 Qc6 34. Ne4 Qd5 35. c4 Qe5 36. Rf1 Rf4 37. Re1 Rxe4 0-1

[Event "BL2 Sued 1516 (Women)"]
[Site "Germany"]
[Date "2015.12.06"]
[Round "4.2"]
[White "Roessler, Ulrike"]
[Black "Jussupow, Nadejda"]
[Result "0-1"]
[WhiteElo "2112"]
[BlackElo "2117"]
[PlyCount "60"]
[EventDate "2015.09.26"]
[EventType "team-tourn"]
[EventRounds "7"]
[EventCountry "GER"]
[SourceTitle "EXT 2017"]
[Source "ChessBase"]
[SourceDate "2016.10.25"]
[SourceVersion "1"]
[SourceVersionDate "2016.10.25"]
[SourceQuality "1"]
[WhiteTeam "Hofheim (W)"]
[BlackTeam "Augsburg (W)"]
[WhiteTeamCountry "GER"]
[BlackTeamCountry "GER"]

1. e4 e6 2. d4 d5 3. Nc3 Nc6 4. e5 f6 5. f4 fxe5 6. dxe5 Bc5 7. Nf3 Nh6 8. Na4 Be7 9. c3 0-0 10. Bd3 a6 11. Be3 Nf5 12. Bf2 g6 13. Qc2 d4 14. 0-0-0 b5 15. g4 Ng7 16. Be4 Bb7 17. f5 gxf5 18. gxf5 exf5 19. Nxd4 Bg5+ 20. Kb1 Nxd4 21. Bxb7 Nxc2 22. Kxc2 bxa4 23. h4 Bh6 24. Rhg1 Qe7 25. Bd5+ Kh8 26. e6 Rad8 27. c4 c6 28. Bxc6 Qxe6 29. Bf3 Qxc4+ 30. Kb1 Rd2 0-1

[Event "Regionalliga SW 1516"]
[Site "Bayern"]
[Date "2015.10.25"]
[Round "2.4"]
[White "Dorendorf, Hagen"]
[Black "Jussupow, Nadejda"]
[Result "1/2-1/2"]
[WhiteElo "2099"]
[BlackElo "2134"]
[PlyCount "51"]
[EventDate "2015.10.11"]
[EventType "team-tourn"]
[EventRounds "9"]
[EventCountry "GER"]
[SourceTitle "EXT 2018"]
[Source "ChessBase"]
[SourceDate "2017.10.13"]
[SourceVersion "1"]
[SourceVersionDate "2017.10.13"]
[SourceQuality "1"]
[WhiteTeam "Haar"]
[BlackTeam "Krumbach"]
[WhiteTeamCountry "GER"]
[BlackTeamCountry "GER"]

1. d4 g6 2. c4 Bg7 3. Nc3 d6 4. e4 Nc6 5. Be3 e5 6. dxe5 Nxe5 7. Be2 Ne7 8. f4 N5c6 9. Nf3 0-0 10. 0-0 f5 11. c5 fxe4 12. cxd6 exf3 13. Bc4+ Kh8 14. dxe7 Qxe7 15. Re1 fxg2 16. Bd5 Qh4 17. Bxg2 Bg4 18. Qb3 Nd4 19. Qxb7 Nc2 20. Bf2 Qh5 21. Qxa8 Rxa8 22. Bxa8 Nxe1 23. Rxe1 Bxc3 24. bxc3 Bf3 25. Bxf3 Qxf3 26. Bd4+ 1/2-1/2

[Event "BL2 Sued 1516 (Women)"]
[Site "Germany"]
[Date "2015.09.26"]
[Round "1.2"]
[White "Henschel, Anke"]
[Black "Jussupow, Nadejda"]
[Result "0-1"]
[WhiteElo "2005"]
[BlackElo "2117"]
[PlyCount "78"]
[EventDate "2015.09.26"]
[EventType "team-tourn"]
[EventRounds "7"]
[EventCountry "GER"]
[SourceTitle "EXT 2017"]
[Source "ChessBase"]
[SourceDate "2016.10.25"]
[SourceVersion "1"]
[SourceVersionDate "2016.10.25"]
[SourceQuality "1"]
[WhiteTeam "Wadgassen/Differten (W)"]
[BlackTeam "Augsburg (W)"]
[WhiteTeamCountry "GER"]
[BlackTeamCountry "GER"]

1. e4 e6 2. d3 d5 3. Nd2 Nf6 4. Ngf3 Bc5 5. e5 Nfd7 6. d4 Be7 7. Bd3 c5 8. c3 Nc6 9. a3 g5 10. h4 g4 11. Ng5 cxd4 12. cxd4 Qb6 13. Qxg4 Qxd4 14. Qxd4 Nxd4 15. f4 Nc5 16. Bxh7 Bxg5 17. hxg5 Nc2+ 18. Bxc2 Rxh1+ 19. Kf2 Bd7 20. b4 Ba4 21. Bxa4+ Nxa4 22. Bb2 Rxa1 23. Bxa1 Rc8 24. Bd4 b6 25. g4 Rc2 26. Ke3 Ra2 27. Nb1 Nb2 28. f5 Nc4+ 29. Kf4 Nxa3 30. Nc3 Rd2 31. Be3 Rd3 32. Ne2 Nc2 33. Bf2 Rd2 34. Kf3 Nxb4 35. g6 fxg6 36. fxg6 Nc6 37. Bg3 Nd4+ 38. Nxd4 Rxd4 39. Be1 Kf8 0-1

[Event "GER-ch (Women)"]
[Site "Bad Wiessee"]
[Date "2015.02.12"]
[Round "7"]
[White "Frey, Alisa"]
[Black "Jussupow, Nadejda"]
[Result "1-0"]
[WhiteElo "2104"]
[BlackElo "2122"]
[PlyCount "51"]
[EventDate "2015.02.06"]
[EventType "swiss"]
[EventRounds "9"]
[EventCountry "GER"]
[SourceTitle "CBM 164 Extra"]
[Source "ChessBase"]
[SourceDate "2015.03.02"]
[SourceVersion "1"]
[SourceVersionDate "2015.03.02"]
[SourceQuality "1"]

1. e4 e6 2. d4 d5 3. Nc3 Nf6 4. Bg5 Bb4 5. e5 h6 6. Bc1 Ne4 7. Qg4 g6 8. Nge2 c5 9. a3 Bxc3+ 10. Nxc3 Nxc3 11. bxc3 Qa5 12. Bd2 Qa4 13. Ra2 Nc6 14. f4 cxd4 15. Bd3 Bd7 16. 0-0 0-0-0 17. Qe2 dxc3 18. Bxc3 Nd4 19. Qf2 Nb5 20. Bb4 Kb8 21. Rb2 Rc8 22. Rfb1 a6 23. Bc5 Bc6 24. Rb4 Qa5 25. a4 Nc3 26. Bb6 1-0